| 000 | 01195cam a22002651ia4500 | ||
|---|---|---|---|
| 003 | SA-RiAUC | ||
| 005 | 20241230091936.0 | ||
| 008 | 241225s1984 ku g 000 0 ara c | ||
| 040 |
_aSD-OmOIU _bara _cSA-RiAUC. _erda |
||
| 082 | 0 | 4 |
_a236.8016 _qSA-RiAUC |
| 090 |
_a236.8016 _bس ل ف |
||
| 100 | 1 |
_aالسلفي، حمدي بن عبد المجيد بن إسماعيل، _d1931-2012 _eمؤلف. |
|
| 245 | 1 | 0 |
_aمرشد المحتار إلى ما في مسند الإمام أحمد من الأحاديث والآثار / _cوضعه حمدي عبد المجيد السلفي. |
| 250 | _aالطبعة الأولى. | ||
| 264 | 1 |
_aالكويت : _bمكتبة ابن تيمية للطباعة والنشر والتوزيع، _c1984 |
|
| 300 |
_a3 مجلد ؛ _c24 سم |
||
| 336 |
_aنص _btxt _2rdacontent _3كتاب |
||
| 337 |
_aبدون وسيط _bn _2rdamedia |
||
| 338 |
_aمجلد _bnc _2rdacarrier |
||
| 650 | 7 |
_aالحديث _xمسند ابن حنبل _vكشافات _2aucsh |
|
| 700 | 1 | 2 |
_aالإمام ابن حنبل، أحمد محمد بن حنبل، _d164-241 هجري |
| 740 | 0 | 2 | _aمسند الإمام أحمد. |
| 942 |
_2ddc _cBOOK _n0 |
||
| 949 |
_aSA-JeALM _d241225 _uosman123 _n1 |
||
| 999 |
_c4118 _d4118 |
||